|
|
|
|
| LEADER |
01916nam a2200493 a 4500 |
| 001 |
EBC614643 |
| 003 |
MiAaPQ |
| 005 |
20200520144314.0 |
| 006 |
m o d | |
| 007 |
cr cn||||||||| |
| 008 |
110301r20111987enk sb 000 0 eng d |
| 020 |
|
|
|z 9780415588621 (volume 20)
|
| 020 |
|
|
|z 9780415564984 (set)
|
| 020 |
|
|
|z 0203845595 (master e-book)
|
| 020 |
|
|
|z 041503020X
|
| 020 |
|
|
|a 9780203845592 (electronic bk.)
|
| 035 |
|
|
|a (MiAaPQ)EBC614643
|
| 035 |
|
|
|a (Au-PeEL)EBL614643
|
| 035 |
|
|
|a (CaPaEBR)ebr10442754
|
| 035 |
|
|
|a (CaONFJC)MIL303770
|
| 035 |
|
|
|a (OCoLC)764571114
|
| 040 |
|
|
|a MiAaPQ
|c MiAaPQ
|d MiAaPQ
|
| 043 |
|
|
|a a-ja---
|a n-us---
|a e-uk---
|
| 050 |
|
4 |
|a HD62.47
|b .T87 2011
|
| 100 |
1 |
|
|a Turner, Louis,
|d 1942-
|
| 245 |
1 |
0 |
|a Industrial collaboration with Japan
|h [electronic resource] /
|c Louis Turner.
|
| 260 |
|
|
|a London :
|b Routledge,
|c 2011.
|
| 300 |
|
|
|a ix, 81 p.
|
| 490 |
1 |
|
|a Chatham House papers,
|x 0143-5795 ;
|v 34
|
| 490 |
0 |
|
|a Routledge library editions. Japan ;
|v v. 20
|
| 500 |
|
|
|a "The Royal Institute of International Affairs."
|
| 500 |
|
|
|a Reprint. Originally published: [London] : Royal Institute of International Affairs, 1987.
|
| 500 |
|
|
|a "With a foreword by Hiroshi Takeuchi ; in association with Ayako Asakura ... [et al.]"--Added t.p.
|
| 504 |
|
|
|a Includes bibliographical references.
|
| 533 |
|
|
|a Electronic reproduction. Ann Arbor, MI : ProQuest, 2015. Available via World Wide Web. Access may be limited to ProQuest affiliated libraries.
|
| 650 |
|
0 |
|a Joint ventures
|z Japan.
|
| 650 |
|
0 |
|a Joint ventures
|z United States.
|
| 650 |
|
0 |
|a Joint ventures
|z Europe.
|
| 655 |
|
4 |
|a Electronic books.
|
| 700 |
1 |
|
|a Takeuchi, Hiroshi.
|
| 700 |
1 |
|
|a Asakura, Ayako.
|
| 710 |
2 |
|
|a ProQuest (Firm)
|
| 830 |
|
0 |
|a Chatham House papers ;
|v no. 34.
|
| 856 |
4 |
0 |
|u https://ebookcentral.proquest.com/lib/matrademy/detail.action?docID=614643
|z Click to View
|